[Event "Eastpointe (MI Action/3/10)"]
[Site "?"]
[Date "1994.??.??"]
[Round "?"]
[White "Herron, J."]
[Black "Boyle, John"]
[Result "0-1"]
[WhiteElo "1740"]
[BlackElo "1605"]
[PlyCount "71"]
[EventDate "1994.??.??"]

{3/(10)} 1. Nf3 c5 2. g3 d6 3. Bg2 Nf6 4. O-O g6 5. d3 Bg7 6. e4 O-O 7. Nc3 Nc6
8. Bg5 h6 9. Be3 Be6 10. Qd2 Ng4 11. d4 Nxe3 12. fxe3 cxd4 13. exd4 Qb6 14. Ne2
Bc4 15. c3 Bxe2 16. Qxe2 e5 17. Kh1 exd4 18. cxd4 Nxd4 19. Nxd4 Bxd4 20. Rab1
Rfe8 21. Qf3 Re7 22. Rfd1 Rc8 23. Qf4 Kg7 24. Qd2 Be5 25. b3 Rec7 26. Bh3 Rc2
27. Bxc8 Rxd2 28. Rxd2 Qc6 29. Bxb7 Qxb7 30. Re2 d5 31. exd5 Qxd5+ 32. Rg2 f5
33. Re1 g5 34. Kg1 Bd4+ 35. Kh1 f4 36. gxf4 0-1

[Event "Eastpointe (MI Action/4/26)"]
[Site "?"]
[Date "1994.??.??"]
[Round "?"]
[White "Herron, D."]
[Black "Strimple, D."]
[Result "1-0"]
[WhiteElo "1605"]
[BlackElo "1605"]
[PlyCount "57"]
[EventDate "1994.??.??"]

{4/(26)} 1. d3 e5 2. e4 Bb4+ 3. Bd2 Bc5 4. Nf3 d6 5. c3 Bg4 6. Be2 Qh4 7. Nxh4
Be6 8. O-O Nf6 9. b4 Bb6 10. Nf3 O-O 11. c4 Nc6 12. Ng5 Nxb4 13. Bxb4 a5 14.
Bd2 Rfe8 15. Nxe6 Rxe6 16. Nc3 c5 17. Nd5 Bd8 18. Nxf6+ Bxf6 19. Qe1 a4 20. Bg4
Re7 21. Bc3 Ra6 22. d4 cxd4 23. Bxd4 exd4 24. Bc8 Rc6 25. Bxb7 Rxb7 26. Rb1 Re7
27. Rb8+ Rc8 28. Rxc8+ Re8 29. Rxe8# 1-0

[Event "Eastpointe (MI Action/2/26)"]
[Site "?"]
[Date "1994.??.??"]
[Round "?"]
[White "Herron, D."]
[Black "Marson, Michael"]
[Result "0-1"]
[WhiteElo "1605"]
[BlackElo "1605"]
[PlyCount "84"]
[EventDate "1994.??.??"]

{2/(26)} 1. d3 d5 2. e4 dxe4 3. dxe4 Qxd1+ 4. Kxd1 e5 5. Nf3 Nf6 6. Nc3 Bd6 7.
Bc4 Bg4 8. Be2 Nc6 9. Ng5 Rd8 10. Bd2 Bc5 11. Nd5 Bxe2+ 12. Kxe2 Nxd5 13. exd5
Rxd5 14. Ne4 Nd4+ 15. Kf1 O-O 16. c4 Nc2 17. cxd5 Nxa1 18. Nxc5 Rd8 19. Ke2 Nc2
20. Rc1 Nd4+ 21. Ke3 Rxd5 22. Ke4 c6 23. Nxb7 Rb5 24. Nd6 Rxb2 25. Bc3 Rxa2 26.
Bxd4 exd4 27. Rxc6 h6 28. Nf5 Rxf2 29. Nxd4 Rxg2 30. h4 Rg4+ 31. Ke3 Rxh4 32.
Nf3 Ra4 33. Ne5 a5 34. Rc7 f6 35. Ng6 Kh7 36. Nf8+ Kg8 37. Rc8 Kf7 38. Nd7 Ra1
39. Nc5 a4 40. Rc7+ Kg6 41. Ra7 a3 42. Nb3 Ra2 0-1

[Event "Eastpointe (MI Action/6/23)"]
[Site "?"]
[Date "1994.??.??"]
[Round "?"]
[White "Herron, D."]
[Black "Hayes, B."]
[Result "1-0"]
[WhiteElo "1605"]
[BlackElo "1605"]
[PlyCount "99"]
[EventDate "1994.??.??"]

{6/(23)} 1. d3 e5 2. Nf3 Nc6 3. e4 Bd6 4. Be2 Nf6 5. O-O O-O 6. Nc3 b6 7. Nd5
Nxd5 8. exd5 Nd4 9. Nxd4 exd4 10. c3 c6 11. dxc6 dxc6 12. cxd4 c5 13. dxc5 bxc5
14. Bg4 Bxg4 15. Qxg4 a5 16. Bf4 Bxf4 17. Qxf4 Qxd3 18. Rad1 Qg6 19. Qc4 Rae8
20. Qxc5 Ra8 21. Rd6 Rac8 22. Qxc8 Qxd6 23. Qc3 a4 24. b3 axb3 25. axb3 h6 26.
Qc2 Ra8 27. Rd1 Qf6 28. h3 Ra1 29. Rxa1 Qxa1+ 30. Kh2 Qe5+ 31. g3 Qe1 32. Qc8+
Kh7 33. Qf5+ g6 34. Qxf7+ Kh8 35. Qf8+ Kh7 36. b4 Qe2 37. g4 Qe5+ 38. f4 Qe2+
39. Kh1 Qe1+ 40. Kg2 Qxb4 41. Qxb4 h5 42. gxh5 gxh5 43. f5 h4 44. f6 Kg8 45.
Qf4 Kf7 46. Qxh4 Ke8 47. Qh8+ Kf7 48. Qg7+ Ke8 49. f7+ Kd8 50. f8=Q# 1-0

[Event "Detroit (MCO/DEU/6/2)"]
[Site "?"]
[Date "1994.??.??"]
[Round "?"]
[White "Henkel, Scott"]
[Black "Nolan, Brian"]
[Result "0-1"]
[WhiteElo "1605"]
[BlackElo "1605"]
[PlyCount "54"]
[EventDate "1994.??.??"]

{6/(2)} 1. e4 c5 2. Nf3 d6 3. Nc3 Nf6 4. d4 cxd4 5. Nxd4 g6 6. Bg5 Bg7 7. Qd2
Nc6 8. Bb5 Bd7 9. Nxc6 Bxc6 10. Bxc6+ bxc6 11. Bh6 O-O 12. Bxg7 Kxg7 13. O-O
Qc7 14. g3 Rab8 15. b3 Rfd8 16. Qe3 Qb6 17. e5 Nd5 18. Nxd5 cxd5 19. Qxb6 Rxb6
20. exd6 Rbxd6 21. Rfe1 e6 22. f4 Rc6 23. Re2 Rdc8 24. Rc1 d4 25. Rd2 Rc3 26.
a4 d3 27. Rxd3 Rxd3 0-1

[Event "Detroit (MCO/DEU/1a/12)"]
[Site "?"]
[Date "1994.??.??"]
[Round "?"]
[White "Henkel, Scott"]
[Black "Kimura, Daniel"]
[Result "1-0"]
[WhiteElo "1605"]
[BlackElo "1605"]
[PlyCount "105"]
[EventDate "1994.??.??"]

1. e4 e5 2. Nf3 Nc6 3. Bb5 a6 4. Ba4 Nf6 5. d3 Bc5 6. Bxc6 bxc6 7. Bg5 d6 8.
Nc3 Bg4 9. h3 Bh5 10. g4 Bg6 11. Nh4 O-O 12. Qf3 Bd4 13. Bxf6 Qxf6 14. Qxf6
gxf6 15. Nf5 Bxf5 16. gxf5 Rab8 17. Nd1 Bxb2 18. Nxb2 Rxb2 19. Kd2 Rfb8 20.
Rhg1+ Kf8 21. h4 d5 22. f3 d4 23. Rg2 Rb1 24. Rg1 Rxg1 25. Rxg1 Rb2 26. Ra1 c5
27. Kc1 Rb4 28. a3 Ra4 29. Kb2 c4 30. Ka2 cxd3 31. cxd3 c5 32. Kb3 Ra5 33. Kc4
Ke7 34. Kd5 Kd7 35. a4 Kc7 36. Kc4 Kc6 37. Kb3 Kb6 38. Rg1 c4+ 39. dxc4 Kc5 40.
Rg8 d3 41. Rd8 Kb6 42. Rxd3 Rc5 43. Rd6+ Rc6 44. Rxc6+ Kxc6 45. Kb4 a5+ 46.
Kxa5 Kb7 47. c5 Ka7 48. c6 Ka8 49. Ka6 Kb8 50. Kb6 Ka8 51. Kc7 Ka7 52. Kd7 Kb8
53. c7+ 1-0

[Event "Detroit (MCO/DEU/3a/4)"]
[Site "?"]
[Date "1994.??.??"]
[Round "?"]
[White "Henkel, Scott"]
[Black "Juergensen, F."]
[Result "0-1"]
[WhiteElo "1605"]
[BlackElo "1605"]
[PlyCount "84"]
[EventDate "1994.??.??"]

1. e4 Nf6 2. Nc3 e6 3. d4 d5 4. Bg5 Be7 5. Bxf6 Bxf6 6. e5 Be7 7. Nf3 c5 8. Bd3
c4 9. Be2 Nc6 10. O-O Bd7 11. Na4 Nb4 12. Nc5 Qc7 13. c3 Na6 14. Nxa6 bxa6 15.
a4 Rb8 16. Qc2 Rb6 17. Rab1 Bc6 18. b3 Qd7 19. a5 Rxb3 20. Rxb3 cxb3 21. Qxb3
Ba4 22. Qb8+ Bd8 23. Bxa6 O-O 24. Qb4 Bc7 25. Bb7 Qb5 26. Qxb5 Bxb5 27. Rb1 a6
28. c4 Bxc4 29. Bc6 Bxa5 30. Nd2 Bxd2 31. Rb7 Bc3 32. f4 Bxd4+ 33. Kh1 Be3 34.
g3 Rd8 35. Kg2 d4 36. Kf3 Bg1 37. Ke4 d3 38. f5 d2 39. Ba4 h5 40. Bd1 Rd4+ 41.
Kf3 Bd5+ 42. Ke2 Bxb7 0-1

[Event "Detroit (MI Op/1a/9)"]
[Site "?"]
[Date "1994.??.??"]
[Round "?"]
[White "Hendricks, Marcus"]
[Black "Ward, Tom"]
[Result "0-1"]
[WhiteElo "1900"]
[BlackElo "2200"]
[PlyCount "91"]
[EventDate "1994.??.??"]

1. d4 Nf6 2. c4 e6 3. Nf3 Bb4+ 4. Bd2 Qe7 5. Nc3 b6 6. e3 Bb7 7. Bd3 O-O 8. O-O
d6 9. Re1 Nbd7 10. e4 e5 11. Nd5 Nxd5 12. exd5 Bxd2 13. Qxd2 Qf6 14. dxe5 Nxe5
15. Nxe5 dxe5 16. Qc3 Rfe8 17. Re3 Re7 18. Rae1 Rae8 19. Rf3 Qd6 20. Rh3 e4 21.
Bc2 Bc8 22. Rhe3 f5 23. Ba4 Bd7 24. Bxd7 Qxd7 25. Qa3 f4 26. R3e2 Qg4 27. Qh3
Qxh3 28. gxh3 f3 29. Re3 Kf7 30. b4 Kf6 31. Ra3 Kg5 32. Rxa7 Kh4 33. c5 Kxh3
34. cxb6 cxb6 35. Rxe7 Rxe7 36. d6 Rd7 37. Rd1 b5 38. Rd5 g6 39. Rd4 h5 40. Rd5
h4 41. Rd4 g5 42. Rd5 g4 43. Rd4 g3 44. hxg3 hxg3 45. fxg3 Kxg3 46. Kf1 0-1

[Event "Detroit (Class A/3/8)"]
[Site "?"]
[Date "1994.??.??"]
[Round "?"]
[White "Hendricks, Marcus"]
[Black "Smith, Daryn"]
[Result "1-0"]
[WhiteElo "1910"]
[BlackElo "1835"]
[PlyCount "41"]
[EventDate "1994.??.??"]

{3/(8)} 1. d4 Nf6 2. c4 g6 3. Nc3 Bg7 4. e4 d6 5. Nf3 O-O 6. Be2 e5 7. dxe5
dxe5 8. O-O Nc6 9. Be3 Qe7 10. Nd5 Nxd5 11. cxd5 Rd8 12. Rc1 Bg4 13. Bc5 Qf6
14. Qb3 Bxf3 15. Bxf3 Na5 16. Qa3 Qa6 17. b4 b6 18. Be3 Bf8 19. Qa4 Bxb4 20.
Qxb4 Qb7 21. Qe7 1-0

[Event "Detroit (Class A/1/13)"]
[Site "?"]
[Date "1994.??.??"]
[Round "?"]
[White "Hendricks, Marcus"]
[Black "Kung, Fred"]
[Result "0-1"]
[WhiteElo "1910"]
[BlackElo "1815"]
[PlyCount "94"]
[EventDate "1994.??.??"]

{1/(13)} 1. d4 d5 2. Nf3 c5 3. Bf4 cxd4 4. Nxd4 Nc6 5. Nxc6 bxc6 6. c4 Nf6 7.
e3 Qa5+ 8. Qd2 Qxd2+ 9. Nxd2 e6 10. a3 Bb7 11. Be2 Be7 12. O-O O-O 13. Rac1
Rac8 14. c5 Nd7 15. b4 a5 16. Rb1 axb4 17. axb4 Ra8 18. Ra1 Bf6 19. Rxa8 Rxa8
20. Nf3 Ra2 21. Bd3 e5 22. Bg3 e4 23. Bb1 Rb2 24. Nd4 Rxb4 25. h3 Bxd4 26. exd4
Rxd4 27. Bd6 Ba6 28. Rc1 Rc4 29. Re1 Nxc5 30. f3 f5 31. Ba2 Rc2 32. Bb1 Rc3 33.
Be5 Ra3 34. Rc1 Nd7 35. Bd6 c5 36. fxe4 fxe4 37. Kh2 Ra1 38. Rg1 Bd3 39. Bxd3
Rxg1 40. Bb5 Rc1 41. Bxd7 e3 42. Be6+ Kh8 43. Bg4 d4 44. Be2 c4 45. Bc5 d3 46.
Bxd3 cxd3 47. Bxe3 Rc2 0-1

[Event "Detroit (MI Op/5/30)"]
[Site "?"]
[Date "1994.??.??"]
[Round "?"]
[White "Hendricks, Marcus"]
[Black "Haakonstad, Olaf"]
[Result "1-0"]
[WhiteElo "1900"]
[BlackElo "1820"]
[PlyCount "55"]
[EventDate "1994.??.??"]

{5/(30)} 1. d4 Nf6 2. c4 e6 3. Nf3 b6 4. Nc3 Bb4 5. e3 Bb7 6. Bd2 O-O 7. Bd3 d5
8. cxd5 exd5 9. O-O Re8 10. Rc1 c5 11. a3 Bxc3 12. Bxc3 c4 13. Bb1 Nc6 14. Re1
Ne4 15. Nd2 b5 16. Nxe4 dxe4 17. Qg4 Bc8 18. Qh5 f5 19. f3 g6 20. Qh6 exf3 21.
gxf3 Qd7 22. Rcd1 a5 23. e4 fxe4 24. Bxe4 Ra6 25. Bd5+ Kh8 26. Rxe8+ Qxe8 27.
Bxc6 Rxc6 28. d5+ 1-0

[Event "Detroit (MI Op/6/20)"]
[Site "?"]
[Date "1994.??.??"]
[Round "?"]
[White "Hendricks, Marcus"]
[Black "Brooks, John"]
[Result "0-1"]
[WhiteElo "1900"]
[BlackElo "2225"]
[PlyCount "56"]
[EventDate "1994.??.??"]

{6/(20)} 1. d4 Nf6 2. Nf3 e6 3. e3 d5 4. Bd3 c5 5. c4 a6 6. a4 Nc6 7. Nc3 Nb4
8. O-O b6 9. cxd5 exd5 10. e4 Bg4 11. Nxd5 Nbxd5 12. exd5 Qxd5 13. Qe2+ Be7 14.
Re1 O-O 15. Be3 cxd4 16. Bxd4 Bxf3 17. Qxf3 Qxd4 18. Rxe7 Qxb2 19. Rae1 Qb4 20.
Bc2 Rac8 21. Bf5 Rc7 22. R7e2 Qxa4 23. Qd3 Rc5 24. h3 Qf4 25. Be4 b5 26. Qd4
Rc4 27. Qd3 a5 28. Qg3 b4 0-1

[Event "Grand Rapids (MI Am/3/19)"]
[Site "?"]
[Date "1994.??.??"]
[Round "?"]
[White "Hencir, Edward"]
[Black "Nolan, Brian"]
[Result "1/2-1/2"]
[WhiteElo "1725"]
[BlackElo "1605"]
[PlyCount "167"]
[EventDate "1994.??.??"]

{3/(19)} 1. d4 Nf6 2. e3 e6 3. Nf3 b6 4. Nbd2 Bb7 5. Bd3 Be7 6. O-O O-O 7. c4
d5 8. cxd5 Bxd5 9. Qc2 h6 10. a3 Nbd7 11. e4 Bb7 12. e5 Nd5 13. Ne4 f6 14. exf6
N5xf6 15. h3 Nxe4 16. Bxe4 Bxe4 17. Qxe4 Rf6 18. Bf4 Bd6 19. Bxd6 cxd6 20. Rac1
Rc8 21. Qb7 Rxc1 22. Rxc1 Kh7 23. Rc7 Rf7 24. Qxa7 Qe8 25. Nh4 g5 26. Nf3 Kg7
27. Qb7 Qb8 28. Qc6 Nf8 29. Rc8 Qb7 30. Qxb7 Rxb7 31. Rc6 d5 32. Ne5 Kf6 33.
Rc8 Ng6 34. Ng4+ Kg7 35. g3 b5 36. Rc6 Nf8 37. Ne5 Kf6 38. Ng4+ Kg6 39. Ne3 b4
40. Nxd5 bxa3 41. bxa3 Ra7 42. Nc7 Kf5 43. Nb5 Ra5 44. Rc5+ Kf6 45. Kg2 Nd7 46.
Rc7 Rxb5 47. Rxd7 Ra5 48. a4 Rxa4 49. d5 exd5 50. Rxd5 Ra3 51. Rd6+ Kg7 52. g4
Rb3 53. Re6 Ra3 54. Re3 Ra2 55. Rf3 Rb2 56. Kg3 Ra2 57. h4 Rb2 58. Rf5 Rb3+ 59.
f3 Kg6 60. h5+ Kg7 61. Ra5 Rc3 62. Ra6 Rb3 63. Ra7+ Kg8 64. Re7 Ra3 65. Re2 Kf7
66. Kg2 Ra4 67. Kf2 Rb4 68. Re4 Rb2+ 69. Kg3 Rb3 70. Kf2 Rb2+ 71. Re2 Rxe2+ 72.
Kxe2 Kf6 73. Kd3 Kf7 74. Kd4 Kf6 75. Kd5 Kf7 76. Ke5 Ke7 77. f4 gxf4 78. Kxf4
Kf6 79. g5+ hxg5+ 80. Kg4 Kg7 81. Kxg5 Kh7 82. h6 Kg8 83. Kg6 Kh8 84. h7
1/2-1/2

[Event "Grand Rapids (MI Am/5/15)"]
[Site "?"]
[Date "1994.??.??"]
[Round "?"]
[White "Hencir, Edward"]
[Black "Miller, J."]
[Result "1/2-1/2"]
[WhiteElo "1725"]
[BlackElo "1605"]
[PlyCount "56"]
[EventDate "1994.??.??"]

{5/(15)} 1. d4 d5 2. e3 e6 3. Nf3 Nf6 4. Nbd2 c5 5. c3 Bd6 6. Bd3 O-O 7. h3 c4
8. Bc2 h6 9. O-O b5 10. Qe2 Nc6 11. e4 dxe4 12. Nxe4 Bb7 13. Nxf6+ Qxf6 14. Bd2
Rfe8 15. Rae1 Re7 16. Qe4 Qf5 17. Qxf5 exf5 18. Rxe7 Nxe7 19. Ne5 Bxe5 20. dxe5
Re8 21. Re1 Bc8 22. f4 Nd5 23. g3 g6 24. Kf2 f6 25. exf6 Rxe1 26. Kxe1 Nxf6 27.
Be3 a6 28. Bd4 Kf7 1/2-1/2

[Event "Grand Rapids (MI Am/1/23)"]
[Site "?"]
[Date "1994.??.??"]
[Round "?"]
[White "Hencir, Edward"]
[Black "Lueer, Michael"]
[Result "1-0"]
[WhiteElo "1725"]
[BlackElo "1605"]
[PlyCount "67"]
[EventDate "1994.??.??"]

{1/(23)} 1. d4 d5 2. e3 g6 3. Nd2 Bg7 4. Ngf3 Nf6 5. c4 O-O 6. cxd5 Nxd5 7. a3
Bg4 8. Qc2 Bxf3 9. Nxf3 c6 10. Bd3 Nd7 11. O-O e5 12. Bd2 Qc7 13. Rac1 exd4 14.
exd4 Nf4 15. Bc4 Nf6 16. Ne5 N6d5 17. Qe4 f6 18. Bxf4 fxe5 19. Bxd5+ cxd5 20.
Qxd5+ Qf7 21. Qxf7+ Rxf7 22. Bxe5 Rd8 23. Rc2 Rf5 24. f4 Rdf8 25. g3 Rh5 26.
Rc7 Rf7 27. Rfc1 g5 28. Rxf7 Kxf7 29. Rc7+ Ke6 30. Bxg7 gxf4 31. gxf4 Rb5 32.
Be5 Rxb2 33. d5+ Kxd5 34. Bxb2 1-0

[Event "Detroit (Beg/1/15)"]
[Site "?"]
[Date "1994.??.??"]
[Round "?"]
[White "Heim, E."]
[Black "Ware, C."]
[Result "1/2-1/2"]
[WhiteElo "1605"]
[BlackElo "1605"]
[PlyCount "134"]
[EventDate "1994.??.??"]

{1/(15)} 1. e4 e5 2. Nf3 Nc6 3. Bc4 Nf6 4. Nc3 Be7 5. d3 h6 6. Be3 a6 7. d4 b5
8. Bb3 b4 9. Nd5 Nxd5 10. Bxd5 Rb8 11. dxe5 Bb7 12. Bd4 Nxd4 13. Qxd4 c5 14.
Qc4 O-O 15. O-O-O Qc7 16. e6 dxe6 17. Bxe6 fxe6 18. Qxe6+ Kh8 19. Ne5 Bg5+ 20.
Kb1 Rbe8 21. Ng6+ Kh7 22. Nxf8+ Rxf8 23. f3 Bc8 24. Qd6 Qf7 25. Qxc5 Be6 26. b3
Rc8 27. Qxb4 Be7 28. Qd4 Rd8 29. Qe3 Ba3 30. Rxd8 Qf6 31. e5 Qxd8 32. Qe4+ Kh8
33. Qe3 Qa5 34. Qe1 Bb4 35. Qe3 Bc3 36. Rd1 Bxe5 37. f4 Bf6 38. Qxe6 Qc3 39.
Qe8+ Kh7 40. Qe4+ g6 41. Rd7+ Bg7 42. Rxg7+ Kxg7 43. Qe5+ Qxe5 44. fxe5 Kf7 45.
Kb2 Ke6 46. Kc3 Kxe5 47. Kc4 Kf4 48. Kd5 g5 49. c4 h5 50. c5 h4 51. c6 g4 52.
c7 h3 53. c8=Q hxg2 54. Qc1+ Kf3 55. Qd1+ Kf2 56. Qd4+ Kf1 57. Qf4+ Kg1 58. Ke4
Kh1 59. Qxg4 Kxh2 60. Qe2 Kh1 61. Qf3 Kh2 62. Qxg2+ Kxg2 63. Kd4 Kf3 64. Kc4
Ke4 65. b4 Ke5 66. a4 Kd6 67. b5 a5 1/2-1/2

[Event "Detroit (WCO/1/17)"]
[Site "?"]
[Date "1994.??.??"]
[Round "?"]
[White "Heim, E."]
[Black "Vaughn, Gerald"]
[Result "1-0"]
[WhiteElo "1605"]
[BlackElo "1605"]
[PlyCount "83"]
[EventDate "1994.??.??"]

{1/(17)} 1. e4 c5 2. Nf3 Nc6 3. c3 e6 4. d4 cxd4 5. cxd4 Bb4+ 6. Bd2 d6 7. Bb5
Bxd2+ 8. Qxd2 Bd7 9. Nc3 a6 10. Bxc6 bxc6 11. O-O Ne7 12. e5 d5 13. Ne2 Ng6 14.
Nf4 Qe7 15. Nxg6 hxg6 16. Rac1 f6 17. Rfe1 f5 18. a3 a5 19. Rc5 a4 20. Qb4 O-O
21. Qd2 f4 22. Qd3 g5 23. Qg6 Rf5 24. Qh5 Be8 25. Qh3 Rb8 26. Ra5 Rxb2 27. Ra8
Rc2 28. Qh5 Kf8 29. g3 fxg3 30. hxg3 g4 31. Qxg4 Qxa3 32. Kg2 Rc1 33. Re3 Rc3
34. Qg6 Rf7 35. Ng5 Rxf2+ 36. Kh3 Qe7 37. Nxe6+ Kg8 38. Rxe8+ Qxe8 39. Qxe8+
Kh7 40. Rxc3 Rf1 41. Rxc6 a3 42. Ng5# 1-0

[Event "Detroit (Beg/5/6)"]
[Site "?"]
[Date "1994.??.??"]
[Round "?"]
[White "Heim, E."]
[Black "Munger, R."]
[Result "1-0"]
[WhiteElo "1605"]
[BlackElo "1605"]
[PlyCount "65"]
[EventDate "1994.??.??"]

{5/(6)} 1. e4 g6 2. d4 Bg7 3. Nf3 Nf6 4. Nc3 O-O 5. Be3 d6 6. Bd3 Nc6 7. Nd5 b6
8. Ng5 h6 9. f4 a5 10. c3 e6 11. Nxf6+ Bxf6 12. Nf3 Qe8 13. O-O d5 14. f5 exf5
15. Bxh6 Bg7 16. Bxg7 Kxg7 17. exf5 Bxf5 18. Bxf5 gxf5 19. Qd2 f6 20. Nh4 Rh8
21. Nxf5+ Kg8 22. Nh6+ Kf8 23. Rxf6+ Ke7 24. Re1+ Kxf6 25. Qf4+ Kg7 26. Nf5+
Kf7 27. Nd6+ Kg7 28. Nxe8+ Raxe8 29. Qxc7+ Kh6 30. Qxc6+ Kg7 31. Rxe8 Rh6 32.
Re7+ Kf8 33. Qe8# 1-0

[Event "Detroit (WCO/3/14)"]
[Site "?"]
[Date "1994.??.??"]
[Round "?"]
[White "Heim, E."]
[Black "McNeil, Yaking"]
[Result "0-1"]
[WhiteElo "1605"]
[BlackElo "1605"]
[PlyCount "90"]
[EventDate "1994.??.??"]

{3/(14)} 1. e4 c5 2. Nf3 Nc6 3. c3 e6 4. d4 d5 5. e5 cxd4 6. cxd4 Bb4+ 7. Bd2
Qb6 8. Bc3 Nge7 9. Bd3 O-O 10. O-O Bxc3 11. bxc3 Qb2 12. Ng5 g6 13. Nd2 Qxc3
14. Ndf3 Nxd4 15. Nh4 Nef5 16. Rc1 Qa5 17. Qg4 Qd8 18. Nxf5 Nxf5 19. Rc3 h6 20.
Qh3 Qxg5 21. f4 Qh4 22. Bxf5 Qxh3 23. Rxh3 exf5 24. Rxh6 Kg7 25. Rh4 Rh8 26.
Rxh8 Kxh8 27. Rf3 Be6 28. Rc3 Rc8 29. Rb3 b6 30. Rh3+ Kg7 31. Kf2 Rc2+ 32. Kg3
Rxa2 33. Kh4 Rxg2 34. Rg3 Rxg3 35. hxg3 f6 36. g4 fxg4 37. f5 Bxf5 38. e6 Bxe6
39. Kg3 a5 40. Kf4 a4 41. Kg3 a3 42. Kh2 g3+ 43. Kg1 Bh3 44. Kh1 a2 45. Kg1
a1=Q# 0-1

[Event "Detroit (Beg/3/4)"]
[Site "?"]
[Date "1994.??.??"]
[Round "?"]
[White "Heim, E."]
[Black "Bentley, S."]
[Result "1-0"]
[WhiteElo "1605"]
[BlackElo "1605"]
[PlyCount "37"]
[EventDate "1994.??.??"]

{3/(4)} 1. e4 e5 2. Nf3 Nf6 3. Nc3 Nc6 4. Bc4 Nd4 5. Nxe5 d6 6. Nxf7 Qe7 7.
Nxh8 d5 8. Bxd5 Nxd5 9. d3 Qb4 10. Qh5+ g6 11. Qxd5 Nxc2+ 12. Kd1 Nxa1 13. Qf7+
Kd8 14. Bg5+ Be7 15. Qd5+ Bd7 16. Qg8+ Be8 17. Nf7+ Kd7 18. Ne5+ Kd6 19. Qd5#
1-0

[Event "Detroit (Class C/1/16)"]
[Site "?"]
[Date "1994.??.??"]
[Round "?"]
[White "Haygood, Norman"]
[Black "Wright, Ken"]
[Result "1/2-1/2"]
[WhiteElo "1605"]
[BlackElo "1605"]
[PlyCount "131"]
[EventDate "1994.??.??"]

{1/(16)} 1. d4 d6 2. c4 e6 3. Nc3 Nf6 4. e4 Be7 5. Bd3 b6 6. f3 Bb7 7. Nge2 O-O
8. O-O Nbd7 9. Be3 Nh5 10. Qd2 a6 11. Rac1 h6 12. d5 Ne5 13. Nf4 Nf6 14. dxe6
Bc8 15. exf7+ Rxf7 16. Nfd5 c5 17. Nxe7+ Qxe7 18. Nd5 Nxd5 19. cxd5 b5 20. Bb1
Nc4 21. Qc3 Bd7 22. Bf2 Qg5 23. Kh1 Raf8 24. Bg3 Rf6 25. b3 Nd2 26. Rf2 Nxb1
27. Rxb1 h5 28. Qc1 Qg6 29. Qe3 Qh7 30. Bh4 R6f7 31. Re1 Rf4 32. Bg3 R4f6 33.
e5 dxe5 34. Bxe5 Re8 35. f4 c4 36. bxc4 bxc4 37. Qc3 Qd3 38. Qxd3 cxd3 39. Rd2
Rb6 40. h3 Bb5 41. Rc1 g5 42. g3 Rb7 43. Rb2 Rd7 44. d6 Kf7 45. Kg2 gxf4 46.
gxf4 Rg8+ 47. Kf2 h4 48. Rg1 Rxg1 49. Kxg1 Ke6 50. Kf2 Kf5 51. Ke3 Rd8 52. Rg2
Rc8 53. d7 Rd8 54. Rg7 Ke6 55. Rg6+ Kxd7 56. Rd6+ Ke8 57. Rxd8+ Kxd8 58. f5 Ke7
59. f6+ Ke6 60. Bc3 Bc4 61. Kf4 Bxa2 62. Kg5 Kf7 63. Kxh4 d2 64. Bxd2 Kxf6 65.
Kg3 Bd5 66. h4 1/2-1/2

[Event "Detroit (MOR/6/55)"]
[Site "?"]
[Date "1994.??.??"]
[Round "?"]
[White "Haygood, Norman"]
[Black "Rodriguez, Brent"]
[Result "1-0"]
[WhiteElo "1605"]
[BlackElo "1605"]
[PlyCount "39"]
[EventDate "1994.??.??"]

{6/(55)} 1. e4 e5 2. Nf3 Nc6 3. d4 exd4 4. Nxd4 d6 5. Be3 h5 6. c4 Bg4 7. f3
Bd7 8. Be2 Be7 9. O-O Bh4 10. Nc3 Nh6 11. Qd2 O-O 12. Nxc6 bxc6 13. Bxh6 gxh6
14. Qxh6 Bg5 15. Qxh5 Rb8 16. f4 Bf6 17. e5 dxe5 18. fxe5 Bg5 19. Bd3 Kg7 20.
Qh7# 1-0

[Event "Detroit (Class C/5/8)"]
[Site "?"]
[Date "1994.??.??"]
[Round "?"]
[White "Haygood, Norman"]
[Black "Jones, W."]
[Result "0-1"]
[WhiteElo "1605"]
[BlackElo "1605"]
[PlyCount "44"]
[EventDate "1994.??.??"]

{5/(8)} 1. d4 d5 2. c4 e5 3. dxe5 d4 4. e3 Bb4+ 5. Bd2 dxe3 6. Qa4+ Nc6 7. Bxb4
exf2+ 8. Kxf2 Qd4+ 9. Ke1 Qe3+ 10. Ne2 Bd7 11. Qa3 Qxe5 12. Bc3 Qg5 13. Bd2
Qh4+ 14. Ng3 O-O-O 15. Be2 Nf6 16. Qf3 Nd4 17. Qc3 Rhe8 18. Kd1 Ng4 19. Qa5
Nf2+ 20. Kc1 Nxh1 21. Qxa7 Bc6 22. Bd3 Nxg3 0-1

[Event "Detroit (MOR/2/55)"]
[Site "?"]
[Date "1994.??.??"]
[Round "?"]
[White "Haygood, Norman"]
[Black "Choate, Eric"]
[Result "1-0"]
[WhiteElo "1605"]
[BlackElo "1605"]
[PlyCount "59"]
[EventDate "1994.??.??"]

{2/(55)} 1. e4 e5 2. Nf3 Nc6 3. d4 exd4 4. Nxd4 Bc5 5. Be3 Qf6 6. c3 Nh6 7. Nc2
Bxe3 8. Nxe3 Ne5 9. Be2 d6 10. Nd5 Qh4 11. O-O Nhg4 12. h3 Qg5 13. Nxc7+ Kf8
14. Qxd6+ Qe7 15. Qxe7+ Kxe7 16. Nxa8 b6 17. hxg4 Bxg4 18. Bxg4 Rxa8 19. Be2 g6
20. Na3 h5 21. Rad1 Re8 22. Bb5 Rc8 23. f4 Ng4 24. Rd7+ Kf8 25. Rfd1 Kg7 26.
Rxa7 Ne3 27. Rdd7 Re8 28. Rxf7+ Kg8 29. Bxe8 Kh8 30. Rf8# 1-0

[Event "Detroit (MOR/7/37)"]
[Site "?"]
[Date "1994.??.??"]
[Round "?"]
[White "Haygood, Norman"]
[Black "Adams, B."]
[Result "1-0"]
[WhiteElo "1605"]
[BlackElo "1605"]
[PlyCount "111"]
[EventDate "1994.??.??"]

{7/(37)} 1. e4 e5 2. Nf3 Nc6 3. d4 exd4 4. Nxd4 Nf6 5. f3 Be7 6. c4 O-O 7. Be3
b6 8. Be2 Bb7 9. O-O d6 10. Nc3 Nxd4 11. Qxd4 c6 12. Rfd1 Qc7 13. Bf2 Rfe8 14.
Qd3 Rad8 15. Qc2 d5 16. Rd2 dxe4 17. Rxd8 Rxd8 18. Nxe4 Nxe4 19. fxe4 Bg5 20.
Rd1 Re8 21. Bf3 c5 22. Kf1 Bf4 23. h3 Qe7 24. Qd3 Bc7 25. Qd7 Bc8 26. Qxe7 Rxe7
27. Bg3 g6 28. Bxc7 Rxc7 29. Rd8+ Kg7 30. e5 Bb7 31. Kf2 Bxf3 32. gxf3 Rc6 33.
Ke3 Re6 34. Ke4 a5 35. Rd6 Kh6 36. Kd5 Re7 37. Rxb6 Kg5 38. Rc6 Kf4 39. Rf6+
Kg3 40. Kd6 Ra7 41. Kxc5 Kxh3 42. Kb6 Re7 43. c5 Rxe5 44. c6 Re2 45. Kxa5 Rxb2
46. a4 h5 47. Rxf7 g5 48. c7 Rc2 49. Kb6 g4 50. fxg4 hxg4 51. Rf8 g3 52. c8=Q+
Rxc8 53. Rxc8 g2 54. Rg8 Kh2 55. a5 Kg1 56. Rxg2+ 1-0

[Event "Detroit (Class C/2/16)"]
[Site "?"]
[Date "1994.??.??"]
[Round "?"]
[White "Hayes, P."]
[Black "Piasecki, Vince"]
[Result "0-1"]
[WhiteElo "1605"]
[BlackElo "1605"]
[PlyCount "96"]
[EventDate "1994.??.??"]

{2/(16)} 1. e4 c5 2. Nf3 Nc6 3. d3 d6 4. g3 Bg4 5. Bg2 g6 6. h3 Bd7 7. c3 Bg7
8. Be3 Nf6 9. O-O O-O 10. Nbd2 Re8 11. Qc1 b5 12. d4 cxd4 13. Nxd4 Nxd4 14.
Bxd4 e5 15. Be3 Qc8 16. Kh2 Be6 17. f4 Bh6 18. g4 Bxg4 19. f5 Bxe3 20. fxg6
Bf4+ 21. Rxf4 exf4 22. gxf7+ Kxf7 23. hxg4 Nxg4+ 24. Kg1 Ne3 25. Bf3 Rg8+ 26.
Kf2 Qh3 27. Ke2 Qh2+ 28. Kd3 Nc4 29. Nxc4 bxc4+ 30. Kxc4 Rgc8+ 31. Kd3 Qg3 32.
Qh1 Rh8 33. Rg1 Qf2 34. Qh5+ Ke7 35. Rg7+ Kd8 36. Qg5+ Kc8 37. Qxf4 Qc5 38.
Qg4+ Kb8 39. e5 d5 40. Rg8+ Rxg8 41. Qxg8+ Qc8 42. Qxd5 Qa6+ 43. c4 Qg6+ 44.
Kc3 Kc7 45. Qb7+ Kd8 46. Qxa8+ Ke7 47. Qxa7+ Ke6 48. Kd4 Qg1+ 0-1

[Event "Eastpointe (US Am N/5/22)"]
[Site "?"]
[Date "1994.??.??"]
[Round "?"]
[White "Hayes, P."]
[Black "McCarter, Robert"]
[Result "0-1"]
[WhiteElo "1605"]
[BlackElo "1700"]
[PlyCount "28"]
[EventDate "1994.??.??"]

{5/(22)} 1. e4 c5 2. c3 Nf6 3. e5 Nd5 4. d4 d6 5. Nf3 Qc7 6. Nbd2 cxd4 7. cxd4
Nb4 8. Bc4 d5 9. Bb3 Nd3+ 10. Ke2 Nf4+ 11. Kf1 Bd7 12. a4 Qb6 13. Nb1 Qa6+ 14.
Ke1 Nd3+ 0-1